Alsace Region Quiz - Statistics

General Stats
  • This quiz has been taken 282 times
  • The average score is 9 of 14
Answer Stats
Hint Answer % Correct
Largest city Strasbourg
97%
Alsace was part of this country between 1870 and 1918 Germany
86%
River on the eastern border Rhine
85%
Alsace is part of this French administrative region Grand Est
81%
Foreign country on the Southern border Switzerland
80%
Which international organization has its parliament in the largest city? European Union
67%
What type of alcoholic beverage is Gewürztraminer? White wine
63%
Second largest city known for its auto industry Mulhouse
61%
Baby-delivering bird that is popular in Alsatian folklore Stork
59%
This chain of fortifications built in the 1930s was meant to avert an invasion from the East Maginot Line
56%
Alsatian madame who founded a museum of wax sculptures in London Marie Tussaud
50%
Longtime coach of football club Arsenal London Arsène Wenger
41%
What is "Flammekuchen" or "tarte flambée" if you translate it literally into English? Flame cake
41%
Musician and theologian known for his charitable work as a doctor in Africa Albert Schweitzer
27%
No matching quizzes found
Score Distribution
Percent of People with Each Score
Percentile by Number Answered
Your Score History
You have not taken this quiz